Secularism and national integration : (Record no. 92823)

MARC details
000 -LEADER
fixed length control field 00997nam a22002537a 4500
005 - DATE AND TIME OF LATEST TRANSACTION
control field 20150513161407.0
010 ## - LCCN (DPL NO)
LC control number ENG-112649
020 ## - INTERNATIONAL STANDARD BOOK NUMBER
International Standard Book Number 9788179860854
Terms of availability 350.00
020 ## - INTERNATIONAL STANDARD BOOK NUMBER
International Standard Book Number 817986-085x
Terms of availability 350.00
035 ## - SYSTEM CONTROL NUMBER
System control number EN-96181
037 ## - SOURCE OF ACQUISITION
Source of stock number/acquisition DBAD/PUB
082 ## - DEWEY DECIMAL CLASSIFICATION NUMBER
Classification number 211.60954133
245 00 - TITLE STATEMENT
Title Secularism and national integration :
Statement of responsibility, etc edited by Bijayananda Kar
Remainder of title with special reference to Orissa /
260 ## - PUBLICATION, DISTRIBUTION, ETC. (IMPRINT)
Place of publication, distribution, etc Shimla
Name of publisher, distributor, etc Indian Institute of Advanced Study
Date of publication, distribution, etc 2011
270 ## - ADDRESS
Address Rashtrapati Nivas
City Shimla
Postal code 171005
300 ## - PHYSICAL DESCRIPTION
Extent xviii,156p.
Dimensions 22cm(Hb)
500 ## - GENERAL NOTE
General note Includes bibliographical references and index.
520 ## - SUMMARY, ETC.
Summary, etc Papers presented at a national seminar and two colloquia held at IIAS, Shimla in 2005 and 2006.
650 ## - SUBJECT ADDED ENTRY--TOPICAL TERM
Topical term or geographic name as entry element Secularism
Geographic subdivision India
-- Orissa
Form subdivision Congresses.
650 ## - SUBJECT ADDED ENTRY--TOPICAL TERM
Topical term or geographic name as entry element Religion and politics
Geographic subdivision India
-- Orissa
Form subdivision Congresses.
650 ## - SUBJECT ADDED ENTRY--TOPICAL TERM
Topical term or geographic name as entry element Nationalism
Geographic subdivision India
-- Orissa
Form subdivision Congresses.
700 ## - ADDED ENTRY--PERSONAL NAME
Personal name Kar, Bijayananda
942 ## - ADDED ENTRY ELEMENTS (KOHA)
Source of classification or shelving scheme Dewey Decimal Classification
Item type English Books
Call number suffix SEC
Classification part 211.60954133
Holdings
Withdrawn status Lost status Not for loan Collection code Home library Current library Date acquired Source of acquisition Cost, normal purchase price Full call number Barcode Copy number Cost, replacement price Koha item type
    Not For Loan Non-fiction D.B.Act.Division D.B.Act.Division 09/04/2015 DBAD/PUB 350.00 211.60954133 SEC EN-96181 1 350.00 English Books

© Delhi Public Library
Hit Counter
free hit counter